书目信息 |
| 题名: |
最新中小企业精细化管理流程范本
|
|
| 作者: | 林岳儒 主编 | |
| 分册: | ||
| 出版信息: | 广州 广东经济出版社 2014.1 |
|
| 页数: | 12,271页 | |
| 开本: | 26cm | |
| 丛书名: | ||
| 单 册: | ||
| 中图分类: | F276.3 | |
| 科图分类: | ||
| 主题词: | 中小企业--精细化--企业管理 , 精细化 , 企业管理 | |
| 电子资源: | ||
| ISBN: | 978-7-5454-2729-5 | |
| 000 | 01007nam0 2200277 45 | |
| 001 | 351914 | |
| 005 | 20161017105808.66 | |
| 010 | @a978-7-5454-2729-5@dCNY48.00 | |
| 100 | @a20140328d2014 em y0chiy50 ea | |
| 101 | 0 | @achi |
| 102 | @aCN@b440000 | |
| 105 | @ay z 000yy | |
| 106 | @ar | |
| 200 | 1 | @a最新中小企业精细化管理流程范本@f林岳儒主编 |
| 210 | @a广州@c广东经济出版社@d2014.1 | |
| 215 | @a12,271页@d26cm@e附光盘1片 | |
| 300 | @a华睿书库 | |
| 300 | @a制造业管理工具库 第六体系 中小企业精细化管理工具 2 | |
| 330 | @a本书以国内外成功企业的优秀管理理论和经验为依托,在科学分类的基础上,精选国内外成功企业的优秀管理流程为范本,将抽象的管理理论融入到具体的操作流程中,简介、直观,重点突出了最新流程管理理论、流程设计要点、流程设计范本,构建了一套企业所需的科学实用的流程设计管理体系。 | |
| 606 | 0 | @a中小企业@x精细化@x企业管理 |
| 606 | 0 | @a精细化 |
| 606 | 0 | @a企业管理 |
| 690 | @aF276.3@v5 | |
| 701 | 0 | @a林岳儒@4主编 |
| 801 | 0 | @aCN@bTANGWEI@c20161010 |
| 905 | @b0897150-4@dF276.3@e1325@f5 | |
| 最新中小企业精细化管理流程范本/林岳儒主编.-广州:广东经济出版社,2014.1 |
| 12,271页;26cm+附光盘1片 |
| 华睿书库.-制造业管理工具库 第六体系 中小企业精细化管理工具 2 |
| ISBN 978-7-5454-2729-5:CNY48.00 |
| 本书以国内外成功企业的优秀管理理论和经验为依托,在科学分类的基础上,精选国内外成功企业的优秀管理流程为范本,将抽象的管理理论融入到具体的操作流程中,简介、直观,重点突出了最新流程管理理论、流程设计要点、流程设计范本,构建了一套企业所需的科学实用的流程设计管理体系。 |
| ● |
| 相关链接 |
|
|
|
|
正题名:最新中小企业精细化管理流程范本
索取号:F276.3/1325
 
预约/预借
| 序号 | 登录号 | 条形码 | 馆藏地/架位号 | 状态 | 备注 |
| 1 | 0897150 | 208971503 | 第一样本阅览室/ [索取号:F276.3/1325] | 在馆 | |
| 2 | 0897151 | 208971512 | 第一借阅区/ [索取号:F276.3/1325] | 在馆 | |
| 3 | 0897152 | 208971521 | 第一借阅区/ [索取号:F276.3/1325] | 在馆 | |
| 4 | 0897153 | 208971530 | 第一借阅区/ [索取号:F276.3/1325] | 在馆 | |
| 5 | 0897154 | 208971549 | 密集书库-海洋学院/ [索取号:F276.3/1325] | 在馆 |